Society, ethics, and technology / (Record no. 48197)
[ view plain ]
| 000 -LEADER | |
|---|---|
| fixed length control field | 03329cam a2200289 a 4500 |
| 001 - CONTROL NUMBER | |
| control field | 16546842 |
| 003 - CONTROL NUMBER IDENTIFIER | |
| control field | 0 |
| 005 - DATE AND TIME OF LATEST TRANSACTION | |
| control field | 20170127150437.0 |
| 008 - FIXED-LENGTH DATA ELEMENTS--GENERAL INFORMATION | |
| fixed length control field | 101119s2012 mauad b 000 0 eng |
| 020 ## - INTERNATIONAL STANDARD BOOK NUMBER | |
| International Standard Book Number | 9781111298357 |
| 040 ## - CATALOGING SOURCE | |
| Transcribing agency | spu |
| 042 ## - AUTHENTICATION CODE | |
| Authentication code | l |
| 050 00 - LIBRARY OF CONGRESS CALL NUMBER | |
| Classification number | T 14.5 |
| Item number | .S63 2012 |
| 245 00 - TITLE STATEMENT | |
| Title | Society, ethics, and technology / |
| Statement of responsibility, etc | [edited by] Morton E. Winston, Ralph D. Edelbach. |
| 250 ## - EDITION STATEMENT | |
| Edition statement | 4th ed., updated. |
| 260 ## - PUBLICATION, DISTRIBUTION, ETC. (IMPRINT) | |
| Place of publication, distribution, etc | Boston : |
| Name of publisher, distributor, etc | Wadsworth Cengage Learning, |
| Date of publication, distribution, etc | 2012. |
| 300 ## - PHYSICAL DESCRIPTION | |
| Extent | xii, 467 p. : |
| Other physical details | ill., charts ; |
| Dimensions | 23 cm. |
| 504 ## - BIBLIOGRAPHY, ETC. NOTE | |
| Bibliography, etc | Includes bibliographical references (p. 463-467). |
| 505 0# - FORMATTED CONTENTS NOTE | |
| Formatted contents note | Children of invention revisited / Morton Winston - Perspectives on technology -- Historical perspectives -- The invention of invention / David Landes -- Industrial society and technological systems / Ruth Schwartz Cowan -- The shock of the old: production / David Edgerton -- History as technological change / Rosalind Williams -- Social/political perspectives -- I'd hammer out freedom: technology as politics and culture / Richard Sclove -- Artifacts/ideas and political culture / Langdon Winner -- Addressing technological change: the challenge to social theory / Judy Wajcman -- Technologies of humility: citizen participation in governing science / Sheila Jasanoff -- Ethical perspectives -- Philosophy and human values / Ian Barbour -- Technology and responsibility: reflections on the new task of ethics / Hans Jonas -- Technology and social justice / Freeman Dyson -- Ethics and technology: a program for future research / Deborah C. Johnson, Thomas M. Powers -- Contemporary technology and the future -- Globalization and economic development -- The world is flat / Thomas L. Friedman -- In defense of globalization / Jagdish Bhagwati -- Making globalization work / Joseph E. Stiglitz -- What should be off-limits to globalization? / International Forum on Globalization -- Computers, information, and surveillance technologies -- Many working minds: wikis, open source software, and blogs / Cass R. Sunstein -- The consequences of the Information Revolution / Max Boot -- Bigger monster, weaker chains / Jay Stanley, Barry Steinhardt -- In praise of Big Brother: why we should learn to stop worrying and love (some) government surveillance / James Stacey Taylor -- Artificial intelligence, robotics, and nanotechnology -- Us and them / Rodney A. Brooks -- Artificial intelligence and the future / William F. Clocksin -- Why the future doesn't need us / Bill Joy -- Nanoscience, nanotechnology, and ethics: promise and peril / Ray Kurzweil -- Biotechnology and genetic engineering -- A glimpse of things to come / Lee M. Silver -- Preventing a brave new world / Leon R. Kass -- The case against perfection / Michael J. Sandel -- Trespass / Claire Hope Cummings -- Population, energy, and climate change -- The tragedy of the commons / Garrett Hardin -- Ethics and global climate change / Stephen M. Gardiner -- Energizing cities / Janet L. Sawin, Kristen Hughes -- The nexus and the need tree / Robert W. Kates. |
| 650 #0 - SUBJECT ADDED ENTRY--TOPICAL TERM | |
| Topical term or geographic name as entry element | Technology |
| General subdivision | Social aspects. |
| 650 #0 - SUBJECT ADDED ENTRY--TOPICAL TERM | |
| Topical term or geographic name as entry element | Technology |
| General subdivision | Moral and ethical aspects. |
| 650 #4 - SUBJECT ADDED ENTRY--TOPICAL TERM | |
| Topical term or geographic name as entry element | Tecnología |
| General subdivision | Aspectos sociales. |
| 650 #4 - SUBJECT ADDED ENTRY--TOPICAL TERM | |
| Topical term or geographic name as entry element | Tecnología |
| General subdivision | Aspectos morales y éticos. |
| 700 1# - ADDED ENTRY--PERSONAL NAME | |
| Personal name | Winston, Morton Emanuel. |
| 700 1# - ADDED ENTRY--PERSONAL NAME | |
| Personal name | Edelbach, Ralph. |
| 942 ## - ADDED ENTRY ELEMENTS (KOHA) | |
| Source of classification or shelving scheme | Library of Congress Classification |
| Koha item type | Book |
| Withdrawn status | Lost status | Source of classification or shelving scheme | Damaged status | Not for loan | Collection code | Home library | Current library | Shelving location | Date acquired | Source of acquisition | Cost, normal purchase price | Total Checkouts | Total Renewals | Full call number | Barcode | Date last seen | Date checked out | Copy number | Price effective from | Koha item type |
|---|---|---|---|---|---|---|---|---|---|---|---|---|---|---|---|---|---|---|---|---|
| Library of Congress Classification | Non-fiction | Nairobi Campus | Nairobi Campus | General Circulation | 27/01/2017 | Donation-BFA | 2000.00 | 5 | 1 | T 14.5 .S63 2012 | 049872 | 08/10/2024 | 10/09/2024 | 1 | 27/01/2017 | Book |